000 00459pab a2200145 454500
008 180718b1986 xxu||||| |||| 00| 0 eng d
100 _aBratton, Micheal
245 _aFinancing small holder production
_bA comparison of individual and group credit schemes in Zimababwe
260 _c1986
300 _a115-32
362 _aApr.-June
650 _aAgricultural Credit, Cooperative - Zimbabwe
773 _aPublic Administration and Development
909 _a3373
999 _c3373
_d3373